000 02788cam a2200313 4500500
005 20260329005227.0
041 _afre
042 _adc
100 1 0 _aGaillard, Robin
_eauthor
245 0 0 _aExploration et progrès scientifique : les positionnements communicationnels des institutions publiques de la recherche française (2014-2021)
260 _c2023.
500 _a26
520 _aAu cœur de la Stratégie nationale de recherche (SNR) lancée en 2014, les discours sur l’exploration apparaissent comme une ressource symbolique importante pour la légitimation des politiques publiques de la recherche. L’objectif de cette contribution est d’analyser les stratégies de communication des institutions au regard des enjeux idéologiques entourant la notion d’exploration. En analysant dans un premier temps quatre communications produites au moment de la mise en place de la SNR et du quatrième Programme d’investissements d’avenir, nous cherchons à dégager ce qui, dans la communication publique, se rapporte à un référentiel de l’exploration. Puis, il s’agira de dresser une cartographie des acteurs institutionnels en fonction de leur positionnement communicationnel vis-à-vis de l’exploration, en mettant en évidence que ceux-ci s’appuient sur une réactualisation de l’idéologie du progrès.
520 _a‪At the heart of the National research strategy (SNR) launched in 2014 in France, speeches on exploration seem to be important symbolic resources for the science public policies legitimation. The aim of this article is to analyze the communication strategies of institutions in view of the ideological concerns surrounding the notion of exploration. First, by analyzing four communications produced at the launch of the SNR and the fourth “Programme d’investissements d’avenir”, this contribution intends to highlight what, in the public communication, can be related to a cognitive framework of exploration. Then, it will be about mapping the institutional actors according to their communicative positioning towards exploration, highlighting that they rely on an updated ideology of progress.‪
690 _acommunication publique
690 _aexploration
690 _ainstitutions
690 _apolitiques publiques des sciences
690 _apositionnement communicationnel
690 _aprogrès
690 _acommunicational positioning
690 _aexploration
690 _ainstitutions
690 _aprogress
690 _apublic communication
690 _ascience public policies
786 0 _nQuestions de communication | 42 | 2 | 2023-03-13 | p. 49-72 | 1633-5961
856 4 1 _uhttps://shs.cairn.info/revue-questions-de-communication-2022-2-page-49?lang=fr&redirect-ssocas=7080
999 _c1841516
_d1841516